00187nam a2200073Ia 4500008004100000100002300041245003100064260001800095170524s9999 xx 000 0 und d aKELLER- KEVIN LANE 0aSTRATEGIC BRAND MANAGEMENT bPHI NEW DELHI